00475nam a2200157 u 450000100100000000500170001000800410002702000180006804000250008608200150011110000330012624500290015926000380018830000210022650000700024700003462320200930073813.0111010s2008 cl 000 0 spa d a9789583001093 aDO-SdBNPbspacBNPHU axxxxbxxxx1 aDarío, Rubén,d1867-191610aAzul /cRubén Darío. aBogotá, :bPanamericana,c2008. a120 p. ;c21 cm. aIncluye datos biográficos del autor en la solapa de la cubierta